000 01085nam a2200349Ia 4500
001 dia_3046
003 CHAP
005 20230508105318.0
008 220117s1994 xx 000 0 und d
010 _a173550
020 _a968-444-185-1
040 _cCHAP
082 _a150 Y87 1994
100 _aYurén, Adriana
_9153948
245 _aConocimiento y comunicación : estructuras para una ciencia /
_c Adriana Yurén
260 _aMexico :
_b Alhambra,
_c1994
300 _axi, 409 p.
440 _aUniversidad
_9153949
503 _aC/e
504 _aBibliografía: p. 401-409
590 _aBD175 Y87 1994
650 _aCommunication
_xPhilosophy
_9153950
650 _aConocimiento, teoría del
_927232
650 _aFilosofía de la comunicación
_9153951
650 _aFilosofía
_xEstudio y enseñanza
_940894
650 _aKnowledge, Theory of
_9153952
650 _aPhilosophy
_xStudy and teaching
_9153953
901 _a150 Y87 1994
902 _aM
905 _a5232271994 MX in 8222223322SPA16
942 _cLIBRO
_2ddc
999 _c173550
_d173550